| 000 | 00499nam a22001937a 4500 | ||
|---|---|---|---|
| 003 | MPLRDC | ||
| 005 | 20220105061151.0 | ||
| 008 | 210129b ||||| |||| 00| 0 eng d | ||
| 020 | _a978-957-447-253-6 | ||
| 082 | _a177.2 ZJQ | ||
| 100 | _a张佳秋 | ||
| 245 |
_a媒体女王欧普拉成功的钻石信念 _c |
||
| 250 | _a初版 | ||
| 260 |
_a台湾 _b大千出版社 _c2012 |
||
| 300 | _b平 | ||
| 520 | _a新书上架 2018-10-16。 | ||
| 650 | _a成功的人生 | ||
| 942 |
_cBK _o177.2 ZJQ |
||
| 999 |
_c69802 _d69792 |
||